000 00325nam a2200109Ia 4500
008 171211s9999 xx 000 0 und d
245 _aRoutledge Handbook of Contemporary Bangladesh
245 _cAli Riaz
260 _c2016
650 _xEncyclopedia and Dictionary
856 _uhttp://down.ebook777.com/057/9780415734615.pdf
999 _c350179
_d350179